ALL Postal Towns of Scotland on a Map! - Statistics

General Stats
  • This quiz has been taken 1,847 times
  • The average score is 80 of 293
Answers on the Map
Answers color-coded by a green-red scale on the quiz's map according to % correct below.
 
Answer Stats
Postal Town
% Correct
Glasgow
94%
Edinburgh
93%
Aberdeen
90%
Inverness
87%
Dundee
85%
Perth
76%
Stirling
69%
Ayr
67%
Shetland
67%
Dumfries
65%
Isle of Skye
63%
Falkirk
62%
Orkney
61%
St. Andrews
59%
Paisley
56%
Dunfermline
56%
Fort William
54%
Isle of Lewis
54%
Kilmarnock
53%
Motherwell
53%
Wick
53%
Elgin
52%
Isle of Arran
51%
Thurso
51%
Kirkcaldy
50%
Kirkwall
50%
Isle of Harris
50%
Livingston
50%
Oban
50%
Greenock
48%
Hamilton
48%
Peterhead
48%
Stranraer
48%
Isle of Mull
47%
Stornoway
46%
Berwick-upon-Tweed
46%
Dumbarton
45%
Dunbar
45%
Arbroath
44%
Lanark
44%
Montrose
43%
Nairn
43%
North Berwick
43%
Ullapool
43%
Alloa
42%
Glenrothes
42%
Isle of Bute
42%
Fraserburgh
41%
Gretna
41%
Isle of Islay
41%
Musselburgh
41%
Renfrew
41%
Aviemore
40%
Galashiels
40%
Airdrie
39%
Forfar
39%
Irvine
39%
South Queensferry
39%
Stonehaven
39%
Banff
38%
Dingwall
38%
Helensburgh
38%
Troon
38%
Hawick
37%
Kinross
37%
Peebles
37%
Portree
37%
Coatbridge
36%
Isle of South Uist
36%
Clydebank
35%
Dunblane
35%
Isle of North Uist
35%
Jedburgh
35%
Pitlochry
35%
Cowdenbeath
34%
Inverurie
34%
Kelso
34%
Linlithgow
34%
Lockerbie
34%
Port Glasgow
34%
Bathgate
33%
Cupar
33%
Annan
33%
Grangemouth
33%
Isle of Barra
33%
Isle of Jura
33%
Largs
33%
Brechin
32%
Campbeltown
32%
Haddington
32%
Prestwick
32%
Wishaw
32%
Leven
31%
Forres
31%
Selkirk
31%
Dalkeith
30%
Girvan
30%
Isle of Eigg
30%
Anstruther
29%
Carnoustie
29%
Isle of Tiree
29%
Tain
29%
Isle of Iona
29%
Isle of Rum
29%
Keith
29%
Kirkcudbright
29%
Kyle
29%
Penicuik
29%
Bo'ness
28%
Ellon
28%
Gourock
28%
Isle of Benbecula
28%
Isle of Coll
28%
Johnstone
28%
Lossiemouth
28%
Mallaig
28%
Melrose
28%
Biggar
27%
Broxburn
27%
Clackmannan
27%
Crieff
27%
Ardrossan
27%
Huntly
27%
Eyemouth
27%
Moffat
27%
Saltcoats
27%
Banchory
26%
Bonnyrigg
26%
Buckie
26%
Castle Douglas
26%
Cumnock
26%
Bellshill
26%
Dunoon
26%
Prestonpans
26%
Ballater
25%
Brora
25%
Carluke
25%
Coldstream
25%
Invergordon
25%
Kilwinning
25%
Newton Stewart
25%
West Kilbride
25%
Blairgowrie
24%
Inverkeithing
24%
Kingussie
24%
Tarbert
24%
Alexandria
23%
Burntisland
23%
Callander
23%
Fort Augustus
23%
Dornoch
23%
Duns
23%
Lochgilphead
23%
Maybole
23%
Newport-on-Tay
23%
Tayport
23%
Tranent
23%
Aberfeldy
22%
Dollar
22%
Dunkeld
22%
Erskine
22%
Grantown-on-Spey
22%
Larkhall
22%
Shotts
22%
Stromness
22%
Cromarty
21%
East Linton
21%
Insch
21%
Isle of Cumbrae
21%
Kelty
21%
Larbert
21%
Beauly
20%
Dalry
20%
Golspie
20%
Inveraray
20%
Isle of Colonsay
20%
Lairg
20%
Strathaven
20%
Turriff
20%
Westhill
20%
Aboyne
19%
Balerno
19%
Denny
19%
Helmsdale
19%
Sanquhar
19%
Stevenston
19%
Wemyss Bay
19%
West Calder
19%
Bishopton
18%
Currie
18%
Gullane
18%
Kirriemuir
18%
Laurencekirk
18%
Macduff
18%
Newtonmore
18%
West Linton
18%
Alness
17%
Arrochar
17%
Auchterarder
17%
Beith
17%
Crianlarich
17%
Darvel
17%
Doune
17%
Gairloch
17%
Kirkliston
17%
Langholm
17%
Longniddry
17%
Muir of Ord
17%
Thornhill
17%
Alford
16%
Alva
16%
Bonnybridge
16%
Dalbeattie
16%
Isle of Canna
16%
Fochabers
16%
Fortrose
16%
Galston
16%
Gorebridge
16%
Innerleithen
16%
Isle of Gigha
16%
Lauder
16%
Lochgelly
16%
Mauchline
16%
Spean Bridge
16%
Aberlour
15%
Bridge of Weir
15%
Carrbridge
15%
Cockburnspath
15%
Killin
15%
Kilmacolm
15%
Loanhead
15%
Lochwinnoch
15%
Lybster
15%
Plockton
15%
Strathpeffer
15%
Tillicoultry
15%
Arisaig
14%
Glenfinnan
14%
Gordon
14%
Halkirk
14%
Newcastleton
14%
Peterculter
14%
Achnasheen
13%
Boat of Garten
13%
Dalwhinnie
13%
Dunbeath
13%
Garve
13%
Juniper Green
13%
Kilbirnie
13%
Kirknewton
13%
Menstrie
13%
Newbridge
13%
Roslin
13%
Skelmorlie
13%
Avoch
12%
Bridge of Orchy
12%
Dalmally
12%
Kinlochleven
12%
Lasswade
12%
Lochearnhead
12%
Newmilns
12%
Pathhead
12%
Canonbie
11%
Appin
11%
Earlston
11%
Forsinard
11%
Isle of Scalpay
11%
Kinbrace
11%
Milltimber
11%
Strathcarron
11%
Strathdon
11%
Taynuilt
11%
Tighnabruaich
11%
Walkerburn
11%
Corrour
10%
Heriot
10%
Humbie
10%
Invergarry
10%
Latheron
10%
Rogart
10%
Rosewell
10%
Roy Bridge
10%
Strome Ferry
10%
Ardgay
9%
Ballachulish
9%
Ballindalloch
9%
Cairndow
9%
Colintraive
9%
Berriedale
9%
Acharacle
8%
Lochailort
8%
Munlochy
8%
Nethy Bridge
8%
No matching quizzes found
Score Distribution
Percent of People with Each Score
Percentile by Number Answered
Your Score History
You have not taken this quiz